Peux-tu deviner ces 30 films à partir d’emojis ? - Statistiques

Statistiques générales
  • Ce quiz a été pris 453 fois
  • Le résultat moyen est 22 sur 30
Statistiques - réponses
Hint Réponse % Correct
👩‍❤️‍👨🚢🧊 Titanic
92%
🐼🥋 Kung Fu Panda
91%
👑🦁 Le Roi Lion
90%
👨‍🍳🐀🍝 Ratatouille
90%
🕷️🧑 Spider-Man
89%
🦖🏞️🚙 Jurassic Park
88%
🐠🔍 Le Monde de Nemo
88%
👧🏻🐇🕳️ Alice au pays des merveilles
87%
🎈🤡 Ça (It)
87%
🏠🎈👴👦 Là-Haut (Up)
86%
🧛‍♂️🩸🏰 Dracula
85%
🐒🗽 La Planète des Singes
85%
💀☠️🏴‍☠️ Pirates des Caraïbes
84%
🦇🌃 Batman
82%
👓⚡🪄🐍 Harry Potter
78%
🏹🐦🔥 Hunger Games
76%
🤠💰🌵 Le Bon, la Brute et le Truand
75%
🧙‍♂️💍🔥 Le Seigneur des Anneaux
75%
💊🕶️💻 Matrix
74%
👩‍🚀🤯 Interstellar
67%
💣💂‍♂️🇬🇧 James Bond
67%
🦸‍♂️🦸‍♀️🧤 Avengers
66%
🚗🔥⏰ Retour vers le futur
66%
🧟‍♂️🔫🏙️ World War Z
65%
🧑‍🚀🌕 Apollo 13
58%
🤖🚗 Transformers
56%
🧛‍♀️🌞❤️ Twilight
53%
🌪️👠🟢 Le Magicien d’Oz
45%
🧑‍🚀🤖🌌 WALL·E
33%
🧑‍🦰👹📖 Shrek
28%
Aucun quiz correspondant
Distribution des résultats
% des personnes avec chaque résultat
Percentile par nombre de réponses
Votre historique - résultats
Vous n’avez pas pris ce quiz